000 00323nam a2200145Ia 4500
003 OSt
005 20240326144053.0
008 170523s9999 xx 000 0 und d
020 _a978-0830638598
040 _cIIMT UNIVERSITY
100 _aSAVDERS
245 0 _aDATABASE-2
260 _bTATA MC GRAW HILL
942 _2ddc
_c02
999 _c1972
_d1972